Регионална библиотека "Любен Каравелов" - Русе

Земля и люди (Запис номер 394960)

MARC детайли
000 -Лидер
Контролно поле с фиксирана дължина nam a22 a 4500
003 - Код на организацията, давaща контролен номер
Контролно поле BLK
005 - Дата и час на последна редакция
Контролно поле 20210120161140.0
008 - Елементи от данни с фиксирана дължина
fixed length control field 210120b bu ||||| |||| 00| 0 bu d
040 ## - Източник на каталожния запис
Идентификатор на билиотеката - собственик на записа BLK
041 ## - Код за език
Код за езика на текст/звукозапис или на отделно заглавие Руски
Код за езика КДБФ Руски
080 ## - УДК
Текстов определител УДК Регионална география
УДК код - определител по УДК 913
УДК определител (8)
УДК - код + определител 913(8)
100 ## - Редна дума - Автор
R(LIN) 435557
Автор Реклю, Жан Жак Элизе
Авторска отговорност първи автор
245 ## - Сведения за заглавието
Заглавие Земля и люди
Подзаглавни данни Всеобщая география : Т. 1 -
Редно поле (дума) Жан Жак Элизе Реклю
Том Т. 18.
Заглавие на том Южная Америка. Область Андов
260 ## - Област на издателските данни
9 (RLIN) 435466
Място на издаване, разпространение и проч. Санкт-Петербург
Име на издателя, разпространителя и проч. картогр. заведение Ильина
Година на издаване 1896
300 ## - Физическа характеристика
Размери/Мащаб 26 см
380 ## - Жанр
Жанр География
490 ## - СЕРИИ (Колекции)
9 (RLIN) 435080
Име на серия Колекция Редки и ценни издания
650 #0 - Допълнително описание по предмет – тема
9 (RLIN) 269208
Основно описание – тема или топоним Южна Америка - география
760 ## - Описание на основната серия
Страници - том 709 с. : с ил., к.
Част - том Т. 18
Заглавие Южная Америка. Область Андов
852 ## - Местоположение
Форматна сигнатура Рр 896
Фондова буква Редки и ценни
999 ## - СИСТЕМНИ КОНТРОЛНИ НОМЕРА
Koha biblionumber 394960
Koha biblioitemnumber 394960
942 ## - АРТИКУЛИ
Вид на библиотечния материал Книги
Скрит в OPAC Не
Периодичен библиозапис Да
944 ## - СЪЗДАВАНЕ И РЕДАКЦИЯ на ЗАПИСА
Създаване/Редакция Създаване
Дата на регистрацията/редакция 2021-01-20
Служител, извършил регистрацията/редакцията ВЙ
999 ## - СИСТЕМНИ КОНТРОЛНИ НОМЕРА
Koha biblioitemnumber 394960
Наличности
Код за отписване Код за изгубен артикул Източник на класификационната схема Код за повреда Коз за рестрикции Код за отдаване Артикулен № Име на библиотеката - собственик Име на библиотеката, в която се намира в момента Статус (Текущо местоположение) Дата на вписване в системата Местоположение - отдел Цена в лева Инвентарен номер Систематично азбучна сигнатура Баркод Цена в евро Служебен тип на артикула
  Не е изгубен Universal Decimal Classification Не е повреден само за читалня Специални фондове ( старопечатни, редки и ценни, фонд М. Арнаудов) 808028 Регионална библиотека "Любен Каравелов" Русе Регионална библиотека "Любен Каравелов" Русе Редки и ценни 2021-01-21 Редки и ценни 1.42 5556/58 Рр 896 900000047766 0.73 Книги
Vip Innovations Ltd, Rousse, Bulgaria 2025